Présidents des pays d'Asie Centrale depuis la chute de l'URSS - Statistiques

Statistiques générales
  • Ce quiz a été pris 12 fois
  • Le résultat moyen est 4 sur 14
Statistiques - réponses
Hint Réponse % Correct
Ouzbékistan ( 1991 - 2016 ) Islam Karimov
56%
Kazakhstan ( 1990 - 2019 ) Noursultan Nazarbaiev
56%
Kazakhstan ( 2019 - ) Kassym-Jomart Tokaiev
44%
Turkménistan ( 1990 - 2006 ) Saparmourat Niazov
44%
Tadjikistan ( 1992 - ) Emomali Rahmon
33%
Turkménistan ( 2006 - 2022 ) Gurbanguly Berdimuhamedow
33%
Turkménistan ( 2022 - ) Serdar Berdimuahemdow
33%
Ouzbékistan ( 2016 - ) Shavkat Mirziyoyev
22%
Kirghizistan ( 2011 - 2017 ) Almazbek Atambaev
11%
Kirghizistan ( 1990 - 2005 ) Askar Akaiev
11%
Kirghizistan ( 2005 - 2010 ) Kourmanbek Bakiev
11%
Kirghizistan ( 2010 - 2011 ) Roza Otounbaieva
11%
Kirghizistan ( 2020 - ) Sadyr Japarov
11%
Kirghizistan ( 2017 - 2020 ) Sooronbay Jeenbekov
11%
Aucun quiz correspondant
Distribution des résultats
% des personnes avec chaque résultat
Percentile par nombre de réponses
Votre historique - résultats
Vous n’avez pas pris ce quiz